Largest Cities in Africa Beginning With 'L' - Statistics

General Stats
  • This quiz has been taken 272 times
  • The average score is 8 of 18
Answer Stats
# Population Country Answer % Correct
1 21,400,000 Nigeria Lagos
100%
2 9,000,000 Angola Luanda
97%
6 1,140,000 Malawi Lilongwe
93%
5 2,250,000 Zambia Lusaka
93%
4 2,350,000 Togo Lomé
91%
7 703,940 Gabon Libreville
82%
3 2,650,000 DR Congo Lubumbashi
77%
13 268,640 Egypt Luxor
67%
9 380,667 Spain Las Palmas
45%
8 600,751 Angola Lubango
22%
11 357,950 Angola Lobito
16%
16 134,349 Zambia Livingstone
9%
10 367,219 DR Congo Likasi
8%
12 273,675 Angola Luena
6%
14 242,204 Mozambique Lichinga
4%
15 134,372 Algeria Laghouat
3%
17 130,076 Zambia Luanshya
3%
18 128,400 Uganda Lugazi
1%
No matching quizzes found
Score Distribution
Percent of People with Each Score
Percentile by Number Answered
Your Score History
You have not taken this quiz